000 00466nam a2200169Ia 4500
008 230718s9999 xx 000 0 und d
020 _a97835231586
041 _aeng
082 _a005.678
_bTAN
100 _aTan E.
_9175390
245 _a.NET Compact Framework 3.5 Data Driven Appications
260 _c2010
_bPackt Publishing
300 _a205
365 _cRs.
_b600.00
700 _aTan E.
_9175390
906 _dO:0144230-Dec-2010B:643430-Nov-2010
_cCOMP
_b150
999 _c326798
_d326798